Beyond Europeanization: The politics of Scale and Positionality in Lithuania’s Alternative Food Networks

Zmena regulačných rámcov dodávania farmárskych potravín pre siete alternatívnych potravín v Litve. Poukázanie na zmenu a zjednodušenie požiadaviek pre bezpečnosť potravín. Analýza naznačuje, že europeizácia potravinovej politiky v nových členských štátoch Európskej únie sa najlepšie chápe ako priest...

Descrizione completa

Salvato in:
Dettagli Bibliografici
Autore principale: Blumberg, Renata
Altri autori: Mincyte, Diana
Natura: Capitolo di libro
Lingua:inglese
Soggetti:
Tags: Aggiungi Tag
Nessun Tag, puoi essere il primo ad aggiungerne!!

MARC

LEADER 00000naa a2200000 4500
001 0264771
005 20210811130941.2
041 0 |a eng 
044 |a GB 
245 1 0 |a Beyond Europeanization: The politics of Scale and Positionality in Lithuania’s Alternative Food Networks  |c Renata Blumberg, Diana Mincyte 
520 |a Zmena regulačných rámcov dodávania farmárskych potravín pre siete alternatívnych potravín v Litve. Poukázanie na zmenu a zjednodušenie požiadaviek pre bezpečnosť potravín. Analýza naznačuje, že europeizácia potravinovej politiky v nových členských štátoch Európskej únie sa najlepšie chápe ako priestorové usporiadanie regiónu a jeho historických vzťahov. 
610 2 0 |a potraviny 
610 2 0 |a poľnohospodárstvo 
610 2 0 |a bezpečnosť potravinová 
610 2 0 |a reťazce obchodné 
610 2 0 |a europeizácia 
610 2 0 |a Litva 
100 1 |a Blumberg, Renata 
700 1 |a Mincyte, Diana